| 000 -LEADER |
| fixed length control field |
01330cam a22002897i 4500 |
| 003 - CONTROL NUMBER IDENTIFIER |
| control field |
OSt |
| 005 - DATE AND TIME OF LATEST TRANSACTION |
| control field |
20220317165125.0 |
| 008 - FIXED-LENGTH DATA ELEMENTS--GENERAL INFORMATION |
| fixed length control field |
180807s2018 sz a b 100 0 eng |
| 010 ## - LIBRARY OF CONGRESS CONTROL NUMBER |
| LC control number |
2018954261 |
| 020 ## - INTERNATIONAL STANDARD BOOK NUMBER |
| International Standard Book Number |
9783035616804 |
| Qualifying information |
(hardcover : alkaline paper) ; v. 1 |
| 020 ## - INTERNATIONAL STANDARD BOOK NUMBER |
| International Standard Book Number |
9783035623659 |
| Qualifying information |
(hardcover : alkaline paper) ; v. 2 |
| 020 ## - INTERNATIONAL STANDARD BOOK NUMBER |
| Cancelled/invalid ISBN |
9783035617429 |
| Qualifying information |
(pdf) |
| 040 ## - CATALOGING SOURCE |
| Original cataloging agency |
DLC |
| Language of cataloging |
eng |
| Description conventions |
rda |
| Transcribing agency |
DLC |
| Modifying agency |
DLC |
| 050 00 - LIBRARY OF CONGRESS CALL NUMBER |
| Classification number |
MLCM 2021/44240 (N) |
| 245 00 - TITLE STATEMENT |
| Title |
NERD, new experimental research in design : |
| Remainder of title |
positions and perspectives / |
| Statement of responsibility, etc |
Michael Erlhoff, Wolfgang Jonas (eds.). |
| 246 3# - VARYING FORM OF TITLE |
| Title proper/short title |
New experimental research in design |
| 300 ## - PHYSICAL DESCRIPTION |
| Extent |
237 pages : |
| Other physical details |
illustrations ; |
| Dimensions |
23 cm |
| 500 ## - GENERAL NOTE |
| General note |
Minimal Level Cataloging Plus. |
| Institution to which field applies |
DLC |
| 504 ## - BIBLIOGRAPHY, ETC. NOTE |
| Bibliography, etc |
Includes bibliographical references. |
| 505 2# - FORMATTED CONTENTS NOTE |
| Formatted contents note |
On design, research and pudding : an essayistic introduction / Michael Erlhoff -- Some additional remarks on rigour and/or relevance in design research / Wolfgang Jonas. |
| 650 #0 - SUBJECT ADDED ENTRY--TOPICAL TERM |
| Topical term or geographic name as entry element |
Design |
| General subdivision |
Research |
| Form subdivision |
Congresses. |
| 700 1# - ADDED ENTRY--PERSONAL NAME |
| Personal name |
Erlhoff, Michael, |
| Relator term |
editor. |
| 906 ## - LOCAL DATA ELEMENT F, LDF (RLIN) |
| a |
7 |
| b |
cbc |
| c |
orignew |
| d |
4 |
| e |
ncip |
| f |
20 |
| g |
y-gencatlg |
| 942 ## - ADDED ENTRY ELEMENTS (KOHA) |
| Source of classification or shelving scheme |
|
| 955 ## - COPY-LEVEL INFORMATION (RLIN) |
| Classification number, CCAL (RLIN) |
pc28 2018-08-07 |
| -- |
xn11 2019-02-25 1 copy rec'd., to USASH |
| Copy information and material description, CCAL + MDES (RLIN) |
rk21 2020-09-24 to subj. (telework) |
| Copy status--for earlier dates, CST (RLIN) |
ti85 2021-10-19 to CMD |
| Circulation control number, HNT (RLIN) |
rk11 2021-10-26 |
| 955 ## - COPY-LEVEL INFORMATION (RLIN) |
| Classification number, CCAL (RLIN) |
xn19 2021-11-03 ADDED VOLS: v. 2 to USASH |